000 00617nam a2200253Ia 4500
005 20260121154011.0
008 008 260114s9999 xx 000 0 eng d
020 _a9781003250432
037 _aEBOOK
040 _aCRL
040 _beng
040 _cCRL
041 _2eng
041 _aeng
084 _qCRL
100 _a Tim Di Muzio; Matt Dow
_91001763
245 0 _aCovid-19 and the Global Political Economy
260 _bTaylor and Francis
260 _c2023
856 _uhttp://www.taylorfrancis.com/books/9781003250432
942 _cEBOOK
999 _c1568584
_d1568584